| 000 | 00650nam a22002057a 4500 | ||
|---|---|---|---|
| 003 | OSt | ||
| 005 | 20250819020118.0 | ||
| 008 | 250819b |||||||| |||| 00| 0 eng d | ||
| 020 | _a0-321-01557-6 | ||
| 040 | _cOC | ||
| 082 | _aCirc. 808 K36l 1999 | ||
| 100 | _aKennedy, X.J. | ||
| 245 |
_aLiterature : an introduction to fiction, poetry and drama 7th ed _ban introduction to fiction, poetry and drama 7th ed |
||
| 260 |
_aNew York : _bLongman, _cc1999 |
||
| 300 |
_axlviii, 2029 pages ; _bSeries _c 24 cm. |
||
| 504 | _aIncludes index | ||
| 650 | _2Literature-collections | ||
| 700 | _aDara Gioa | ||
| 942 |
_2ddc _cBK - FIL _e7th edition _kCirc. _n0 |
||
| 999 |
_c4039 _d4039 |
||